000 00442nam a2200181Ia 4500
001 9323
005 20260306161710.0
008 260306t2001||||xx |||||||||||||| ||spa||
041 _aESP
082 _a378.1
_bS56
100 _aSime Poma, Luis E.
_eAUT
245 0 _aUniversidad y Currículo:
_bconstruyendo el cambio
260 _c2001
300 _a172 páginas :
_c20 cm.
650 _aGEN
654 _aCED
942 _cLIB
_dJUS
_fJUS
_2ddc
_n
999 _c9323
_d9323